ARRUPE JESUIT UNIVERSITY

CORONAVIRUS -STOP THE SPREAD - CLEAN,DISINFECT,COVER

Muhajababes : (Record no. 127867)

MARC details
000 -LEADER
fixed length control field 01892cam a2200361 a 4500
001 - CONTROL NUMBER
control field 15195383
003 - CONTROL NUMBER IDENTIFIER
control field ARRUPE
005 - DATE AND TIME OF LATEST TRANSACTION
control field 20180406121208.0
008 - FIXED-LENGTH DATA ELEMENTS--GENERAL INFORMATION
fixed length control field 080226r20082006nyu 000 0deng
010 ## - LIBRARY OF CONGRESS CONTROL NUMBER
LC control number 2008008751
020 ## - INTERNATIONAL STANDARD BOOK NUMBER
International Standard Book Number 9781933633503 (pbk.)
020 ## - INTERNATIONAL STANDARD BOOK NUMBER
International Standard Book Number 1933633506 (pbk.)
035 ## - SYSTEM CONTROL NUMBER
System control number (OCoLC)182529369
035 ## - SYSTEM CONTROL NUMBER
System control number (OCoLC)ocn182529369
040 ## - CATALOGING SOURCE
Original cataloging agency DLC
Transcribing agency DLC
Modifying agency BTCTA
-- BAKER
-- YDXCP
-- C#P
-- BWX
-- CDX
-- DLC
043 ## - GEOGRAPHIC AREA CODE
Geographic area code aw-----
050 00 - LIBRARY OF CONGRESS CALL NUMBER
Classification number BP188.18.Y68
Item number S76 2008
082 00 - DEWEY DECIMAL CLASSIFICATION NUMBER
Classification number 915.604/54
Edition number 22
300 ## - PHYSICAL DESCRIPTION
Dimensions 19 cm.
100 1# - MAIN ENTRY--PERSONAL NAME
Personal name Stratton, Allegra.
9 (RLIN) 41320
245 10 - TITLE STATEMENT
Title Muhajababes :
Remainder of title meet the new middle East--young, sexy, and devout /
Statement of responsibility, etc Allegra Stratton.
260 ## - PUBLICATION, DISTRIBUTION, ETC. (IMPRINT)
Place of publication, distribution, etc Brooklyn, N.Y. :
Name of publisher, distributor, etc Melville House Pub.,
Date of publication, distribution, etc c2008.
300 ## - PHYSICAL DESCRIPTION
Extent 265 p. ;
500 ## - GENERAL NOTE
General note Originally published: London : Constable, 2006.
505 0# - FORMATTED CONTENTS NOTE
Formatted contents note Introduction -- Requiem for zen -- Generation returned -- Wasta -- Virgin in Beirut -- Arab Alex -- Hizbollah acne -- Palestinian Red Bull -- Badly drawn girls -- Designing the revolution -- 'I need a right' -- The Cairene sensei -- The new Eve -- The problem with being rewish -- Daddy comes home -- I killed the song -- Gezzing -- Fulla pink -- The Muslim Fight Club -- Epilogue -- Afterword -- Acknowledgments.
600 10 - SUBJECT ADDED ENTRY--PERSONAL NAME
Personal name Stratton, Allegra
General subdivision Travel.
9 (RLIN) 41321
650 #0 - SUBJECT ADDED ENTRY--TOPICAL TERM
Topical term or geographic name as entry element Muslim youth
Geographic subdivision Middle East.
9 (RLIN) 41322
650 #0 - SUBJECT ADDED ENTRY--TOPICAL TERM
Topical term or geographic name as entry element Muslim women
Geographic subdivision Middle East.
9 (RLIN) 41323
650 #0 - SUBJECT ADDED ENTRY--TOPICAL TERM
Topical term or geographic name as entry element Islamic renewal
Geographic subdivision Middle East.
9 (RLIN) 41324
650 #0 - SUBJECT ADDED ENTRY--TOPICAL TERM
Topical term or geographic name as entry element Islam
Chronological subdivision 21st century.
9 (RLIN) 18550
650 #0 - SUBJECT ADDED ENTRY--TOPICAL TERM
Topical term or geographic name as entry element Islamic modernism
Geographic subdivision Middle East.
9 (RLIN) 41325
856 41 - ELECTRONIC LOCATION AND ACCESS
Materials specified Table of contents only
Uniform Resource Identifier <a href="http://www.loc.gov/catdir/toc/ecip0812/2008008751.html">http://www.loc.gov/catdir/toc/ecip0812/2008008751.html</a>
906 ## - LOCAL DATA ELEMENT F, LDF (RLIN)
a 7
b cbc
c orignew
d 1
e ecip
f 20
g y-gencatlg
942 ## - ADDED ENTRY ELEMENTS (KOHA)
Source of classification or shelving scheme Library of Congress Classification
Koha item type Monograph ( Printed materials)
Holdings
Withdrawn status Lost status Source of classification or shelving scheme Damaged status Not for loan Collection code Home library Current library Shelving location Date acquired Total Checkouts Full call number Barcode Date last seen Price effective from Koha item type
    Library of Congress Classification     Main Collection ARRUPE LIBRARY ARRUPE LIBRARY Main Collection 06/04/2018   BP188.18.Y68 S76 2008 46600001718 06/04/2018 06/04/2018 Monograph ( Printed materials)

 

Arrupe Library. PO Box MP320 Mt Pleasant, Harare, Zimbabwe
263 242 745411|librarian@aju.ac.zw